Statistics for Sumo Banzuke

Click here to take the quiz!

General Stats

  • This quiz has been taken 33 times
  • The average score is 62 of 654

Answer Stats

RankingRikishi% Correct
Y1eHakuho
93%
S1eTerunofuji
87%
O2eTakakeisho
80%
K1eTakayasu
80%
M8wTobizaru
80%
M7eTochinoshin
80%
M2wWakatakakage
80%
Sd44wAoi
73%
M12wAoiyama
73%
O1wAsanoyama
73%
J4eEnho
73%
M6wIchinojo
73%
K1wMitakeumi
73%
O1eShodai
73%
M6eTamawashi
73%
J7eUra
73%
Ms56wAbi
67%
M13wChiyoshoma
67%
M5eEndo
67%
M15wHidenoumi
67%
M2eHokutofuji
67%
M9wHoshoryu
67%
M4eKiribayama
67%
M8eKotonowaka
67%
M3eMeisei
67%
M10wRyuden
67%
Jk18wTakano
67%
S1wTakanosho
67%
M1eTakarafuji
67%
M13eTerutsuyoshi
67%
J3eChiyomaru
60%
M11eChiyotairyu
60%
M10eMidorifuji
60%
J6eWakamotoharu
60%
J14wIchiyamamoto
53%
M16eKaisei
53%
Y1wKakuryu
53%
M14eKotoeko
53%
M11wKotoshoho
53%
Ms2eOho
53%
J4wSadanoumi
53%
J7wAzumaryu
47%
M9eChiyonokuni
47%
J2eIshiura
47%
M7wKagayaki
47%
Ms23wOki
47%
M1wOnosho
47%
J1eTokushoryu
47%
M14wTsurugisho
47%
Ms21wWakatakamoto
47%
M15eYutakayama
47%
J1wAkua
40%
J3wChiyonoo
40%
K2wDaieisho
40%
Jd23eDaisho
40%
Ms15wHokuseiho
40%
Ms1eIkioi
40%
Ms1wKotoyuki
40%
M4wMyogiryu
40%
J13wNishikigi
40%
M5wOkinoumi
40%
M3wShimanoumi
40%
J8wShohozan
40%
Jd105wAki
33%
Jd48wAtamifuji
33%
M16wDaiamami
33%
J9eMitoryu
33%
J12wNishikifuji
33%
K2e | O2wNone
33%
M12eAkiseyama
27%
J14eBushozan
27%
Ms2wDaishoho
27%
J2wDaishomaru
27%
Sd14wDewanoryu
27%
Jd106eHakuyo
27%
J9wHakuyozan
27%
Sd82eHozan
27%
Ms8eKitanowaka
27%
Ms3eKotokuzan
27%
Ms27eMudoho
27%
Ms6wMurata
27%
Ms44wShishi
27%
Jk24eShonanzakura
27%
J10eTakagenji
27%
Ms9wTamashoho
27%
Ms37eAmakaze
20%
Ms11wAsabenkei
20%
Ms13eAsagyokusei
20%
Ms10eChiyoarashi
20%
J12eChiyonoumi
20%
J6wChiyootori
20%
Sd99wChura
20%
J5eChuranoumi
20%
Sd21wDewanojo
20%
Ms34eFujiazuma
20%
Ms24wFukai
20%
Ms12wHiradoumi
20%
Ms9eHokaho
20%
Ms25eItadaki
20%
J13eJokoryu
20%
Jd33wKagamio
20%
Ms42eKeitenkai
20%
Ms22eKotoyusho
20%
J5wKyokushuho
20%
J8eKyokutaisei
20%
Ms6eRoga
20%
Sd36wSadanohikari
20%
Ms11eShiba
20%
J11wTakakento
20%
Ms18wTerasawa
20%
Ms4eTochimaru
20%
J11eTohakuryu
20%
Jd55wTomokaze
20%
Ms20wTsushimanada
20%
J10wYago
20%
Jk5eAi
13%
Ms48wAozora
13%
Jd49eArauma
13%
Ms16eAsakoki
13%
Ms16wChiyosakae
13%
Sd4wDaikisho
13%
Sd24wDairaido
13%
Ms41eDaitenma
13%
Sd80eFukushima
13%
Sd19eHagiwara
13%
Jd77wHanakaze
13%
Ms5eHokutenkai
13%
Sd18eIrodori
13%
Ms18eKainoshima
13%
Ms7wKaisho
13%
Sd75eKaonishiki
13%
Sd45wKomanokuni
13%
Ms55eKotodaigo
13%
Ms60eMarusho
13%
Sd54wMasunoyama
13%
Sd23eMasutoo
13%
Ms28eMineyaiba
13%
Sd9wMitotsukasa
13%
Jk21wMurayama
13%
Sd51eNabatame
13%
Ms10wNakazono
13%
Ms53eOfukasawa
13%
Sd68wOsuzuki
13%
Ms35wOtsuji
13%
Ms7eRyusei
13%
Sd50eSagatsukasa
13%
Sd1eSakaekaze
13%
Ms8wSakigake
13%
Jd80eSakura
13%
Sd33wSakurai
13%
Jd3wSenho
13%
Ms3wShohoryu
13%
Ms14eShonannoumi
13%
Sd12eTakaryu
13%
Ms33eTanabe
13%
Ms38wTochikamiyama
13%
Ms34wTochikodai
13%
Ms17eTochiseiryu
13%
Sd8wTokunomusashi
13%
Ms14wTsukahara
13%
Ms19wTsurubayashi
13%
Sd62eYoshiazuma
13%
Ms21eYoshii
13%
Ms45eYoshoyama
13%
Sd3eAkinoyama
7%
Ms36wAnzai
7%
Ms42wAsahisho
7%
Sd97eAsanojo
7%
Sd56wAsatenmai
7%
Sd62wAwanokuni
7%
Jd30wAyaminato
7%
Ms27wAyanoumi
7%
Sd48wAzumasho
7%
Ms46eChiyodaigo
7%
Sd66wChiyotora
7%
Sd71wDaihisho
7%
Ms51wDaiseido
7%
Sd23wDenuma
7%
Jd12wDenzan
7%
Sd85eFuranshisu
7%
Ms58wHayatefuji
7%
Sd65eHibikiryu
7%
Jd12eHienriki
7%
Sd75wHigoarashi
7%
Jk17wHigohikari
7%
Sd7eHigonojo
7%
Jd38eHigonoryu
7%
Sd5wHikarifuji
7%
Ms19eHokutoki
7%
Sd39wHoryuyama
7%
Ms29eIchiki
7%
Jd58wInoue
7%
Jd4wIshii
7%
Ms50eKaiho
7%
Jd71wKainowaka
7%
Ms25wKairyu
7%
Ms31wKaiseijo
7%
Sd11eKaishin
7%
Jd42wKaitoma
7%
Jd40wKatozakura
7%
Jd79eKenho
7%
Sd70eKirameki
7%
Jd106wKirimaru
7%
Ms5wKitaharima
7%
Ms30wKotoozutsu
7%
Ms26wKototsubasa
7%
Jd102eKyonosato
7%
Ms37wMugendai
7%
Jd9wNakao
7%
Ms39wNarutaki
7%
Ms23eNihonyanagi
7%
Ms43wNionoumi
7%
Sd22eNogami
7%
Sd52wOazuma
7%
Sd38wOba
7%
Sd4eOka
7%
Ms32wOkinofuji
7%
Ms22wOmoto
7%
Sd14eOnokura
7%
Ms12eOshoryu
7%
Jd62eOshozan
7%
Jk15eOta
7%
Ms52eRoman
7%
Ms4wRyuko
7%
Sd77eRyutsukasa
7%
Jd39eSatonofuji
7%
Jk24wSawaisamu
7%
Sd53eSazanami
7%
Jd26wSetonoumi
7%
Sd32wShimoyama
7%
Ms47wShinohara
7%
Ms43eShosei
7%
Ms47eSuzuki
7%
Jd82wTanji
7%
Jd59wTenichi
7%
Ms39eTennozan
7%
Ms26eTochinobori
7%
Ms15eTokisakae
7%
Sd11wToyohibiki
7%
Ms33wWakanoumi
7%
Sd59wWatanabe
7%
Sd33eYamato
7%
Ms59wYamatoarashi
7%
Ms40eYuki
7%
Sd82wYuriki
7%
Jd91wAdachi
0%
Jd63eAishoryu
0%
Sd31wAkashifuji
0%
Sd79wAkatsuki
0%
Jd74wAkinishiki
0%
Sd72eAkitoba
0%
Jk4wAkiyama
0%
Sd83eAkiyoshi
0%
Jd38wAmamidake
0%
Sd79eAmane
0%
Ms29wAmanoshima
0%
Sd42eAmatsu
0%
Jd68eAonoumi
0%
Sd69eAraoyama
0%
Sd91wAriake
0%
Jd88eArikawa
0%
Jd72eAsaazuma
0%
Sd27wAsadaimon
0%
Jd101eAsadoji
0%
Jd46wAsahabataki
0%
Jd29wAsahanshin
0%
Jd107eAsahimaru
0%
Jd21wAsahinishiki
0%
Jd10wAsahio
0%
Ms58eAsakishin
0%
Sd35eAsakoga
0%
Jd48eAsanoshima
0%
Sd90wAsanotosa
0%
Jd65eAsaobora
0%
Jd1wAsashinjo
0%
Jk12wAsashorei
0%
Ms53wAsonoyama
0%
Jd22eAyakaze
0%
Jk11wAzumahikari
0%
Jd37wAzumaiwa
0%
Jk4eAzumanami
0%
Sd18wAzumasato
0%
Jk8wAzumayama
0%
Jd40eBanshunada
0%
Sd91eBaraki
0%
Jd85eBiganzan
0%
Jk7eBoshuyama
0%
Jd64eBushi
0%
Jk14wChikureisen
0%
Sd86wChiyohokkai
0%
Jd89eChiyokozan
0%
Ms44eChiyonokatsu
0%
Sd24eChiyooga
0%
Jd89wChiyooume
0%
Sd10wChiyoraizan
0%
Jd65wChiyoresshi
0%
Jd81eChiyosenshi
0%
Sd85wChiyotaiho
0%
Jd51eChiyotaiko
0%
Jd93wChiyotaisei
0%
Jd41wChiyotaiyo
0%
Sd55eChiyotenfu
0%
Jk19eChiyotensho
0%
Jd74eChiyotsurugi
0%
Jd79wChiyoyamato
0%
Jd39wDaijo
0%
Sd26eDainichido
0%
Jk10wDaishiryu
0%
Jd70eDaishohama
0%
Jd92wDaishojo
0%
Jd70wDaishokaku
0%
Sd64eDaishoki
0%
Jk18eDaishoko
0%
Sd38eDaishomune
0%
Sd17eDaishoryu
0%
Sd56eDaishosei
0%
Sd93eDaishowaka
0%
Sd37wDaiyusho
0%
Jd43eDewanosora
0%
Ms48eDewataikai
0%
Sd22wEbisumaru
0%
Jk1wEtsunohana
0%
Jd87eFubu
0%
Jd24wFudano
0%
Jk22wFujiizumi
0%
Sd7wFujikawa
0%
Jd28eFujimusashi
0%
Jd50wFujinokaze
0%
Jk15wFujinonami
0%
Sd92eFujinotani
0%
Jd56eFujinoteru
0%
Sd77wFujinowaka
0%
Ms54eFujisato
0%
Ms28wFukamiyama
0%
Jd17wFukuazuma
0%
Jd93eFukui
0%
Jd21eFukuminato
0%
Jd29eGaryu
0%
Sd83wGenbumaru
0%
Sd55wGenkaiho
0%
Ms13wGenki
0%
Sd47eGinseizan
0%
Jd104wGoketsuyama
0%
Sd67wGorikiyama
0%
Jd7wHagane
0%
Sd99eHakuomaru
0%
Sd66eHamadayama
0%
Jd34wHamanoumi
0%
Jk16wHamasaki
0%
Jd24eHamasu
0%
Ms20eHamayutaka
0%
Sd8eHananofuji
0%
Jd43wHarimanada
0%
Sd29wHaruminato
0%
Jd14wHatachijo
0%
Sd90eHatooka
0%
Sd40wHidano
0%
Sd49eHikarugenji
0%
Jd95eHirose
0%
Jk20wHisanotora
0%
Jd67wHishuyama
0%
Sd63wHitachigo
0%
Sd31eHodaka
0%
Sd16eHokuonada
0%
Jd30eHokutohomare
0%
Jd2eHokutoiwami
0%
Jd78wHokutoizumi
0%
Ms52wHokutokawa
0%
Jd52wHokutonami
0%
Sd49wHokutoo
0%
Ms57eHokutoryu
0%
Jd97wHokutosato
0%
Ms49wHokutoshu
0%
Ms45wHokutotsubasa
0%
Jd15eHokutoyoshi
0%
Jd4eHokuyozan
0%
Jd76wHonma
0%
Sd68eIenoshima
0%
Jd56wIeshima
0%
Jd94eIitsuka
0%
Sd76wIko
0%
Sd63eImafuku
0%
Sd94eInaba
0%
Jd90wIsamufuji
0%
Jd80wIshiazuma
0%
Jd64wIshihara
0%
Jd99wIshizaka
0%
Jd104eItakozakura
0%
Jk2eIwata
0%
Ms56eIzumigawa
0%
Jd67eKaibusho
0%
Sd43eKaigo
0%
Jk23wKaihiryu
0%
Sd21eKainishiki
0%
Ms35eKainoryu
0%
Jd44wKaishinmaru
0%
Sd13wKaiyudai
0%
Jd11eKaiyuma
0%
Sd16wKaizen
0%
Jk9wKakutaiki
0%
Sd96wKamitani
0%
Ms30eKamito
0%
Sd44eKanryu
0%
Sd78eKaorufuji
0%
Sd86eKaratsuumi
0%
Sd20eKasugaryu
0%
Sd15eKatsunofuji
0%
Sd13eKawabuchi
0%
Sd3wKawamoto
0%
Sd88wKawamura
0%
Sd47wKayatoiwa
0%
Jk12eKazunofuji
0%
Sd53wKenshin
0%
Sd74eKenyu
0%
Jd17eKinotsukasa
0%
Jk16eKinseiryu
0%
Ms32eKirinofuji
0%
Jk11eKirinohana
0%
Jd23wKiritsubasa
0%
Jd14eKirizakura
0%
Jd16eKiryu
0%
Sd87eKisenoumi
0%
Ms57wKitadaichi
0%
Jk23eKitanomine
0%
Sd27eKiyonoumi
0%
Sd54eKiyota
0%
Sd100eKochikara
0%
Jd77eKoki
0%
Sd76eKoshinoryu
0%
Sd25eKotakiyama
0%
Sd96eKotetsu
0%
Ms49eKotodairyu
0%
Jd13eKotoegashira
0%
Jd61wKotoimagawa
0%
Sd52eKotoito
0%
Jd76eKotokino
0%
Jd47wKotokogyoku
0%
Sd88eKotokonno
0%
Ms40wKotokume
0%
Jd63wKotomaeda
0%
Sd78wKotomyozan
0%
Jd73wKotonagahama
0%
Sd17wKotonoshu
0%
Sd98wKotonoumi
0%
Jk21eKotootomo
0%
Sd58eKotorikisen
0%
Sd35wKotoryusei
0%
Sd34wKotosato
0%
Jd2wKotosusumu
0%
Jd68wKototaiko
0%
Jd26eKototaisei
0%
Sd93wKototora
0%
Jd54eKotozensho
0%
Jd35eKurokage
0%
Jd75eKyoda
0%
Jd1eKyokuhozan
0%
Jd57eKyokutenryo
0%
Jd98wMabuchi
0%
Jd91eMachi
0%
Jd46eMaenofuji
0%
Ms59eMaikeru
0%
Jd10eMakio
0%
Jd99eManiwayama
0%
Sd42wMasuminato
0%
Sd61eMatsuda
0%
Jd107wMatsugashima
0%
Jd83eMatsugi
0%
Jd96eMatsumoto
0%
Jd50eMatsuoka
0%
Sd57wMienosato
0%
Jd36wMifuneyama
0%
Sd41eMihamaumi
0%
Jd98eMihonoumi
0%
Jd25wMimurodake
0%
Jd90eMinorufuji
0%
Sd61wMishima
0%
Sd6eMitozakura
0%
Jd66eMiyabi
0%
Sd72wMiyabishin
0%
Jd53eMiyakogawa
0%
Jd18wMiyakojima
0%
Sd98eMiyanofuji
0%
Jd54wMiyata
0%
Sd65wMochizuki
0%
Jk7wMogaminishiki
0%
Jd28wMori
0%
Jk17eMoriurara
0%
Jd53wMotokiyama
0%
Sd67eMukaida
0%
Sd100wMusashiumi
0%
Jd8wMutsukaze
0%
Jk22eNagata
0%
Jd6wNakai
0%
Sd30wNakaishi
0%
Sd9eNakashima
0%
Jd3eNakata
0%
Jd94wNangu
0%
Sd5eNankairiki
0%
Jd72wNihonmatsu
0%
Jd5wNishida
0%
Sd89eNishikikuni
0%
Jd100eNishikimaru
0%
Jk14eNishikio
0%
Jd20eNishikiryu
0%
Jd84eNishimura
0%
Sd12wNishinoryu
0%
Jk6wNumano
0%
Jd60eOatari
0%
Ms41wObayama
0%
Ms31eOginohama
0%
Sd2wOginosho
0%
Jd83wOgitora
0%
Jd75wOisato
0%
Jd60wOkanojo
0%
Sd37eOkinohama
0%
Jd13wOkunidake
0%
Jk3wOkuniyama
0%
Sd81wOmote
0%
Jd36eOnagaya
0%
Sd2eOnojo
0%
Jd100wOnoyama
0%
Jd59eOuzakura
0%
Sd25wOyamatoumi
0%
Sd43wRao
0%
Jd49wReonmaru
0%
Sd87wRyubu
0%
Jd22wRyuki
0%
Jd19eRyuseio
0%
Jd69wRyuseiyama
0%
Sd19wSadanogo
0%
Jk10eSadanojo
0%
Sd60wSadanokuni
0%
Sd69wSadanoryu
0%
Jd42eSadatsuyoshi
0%
Sd29eSaidaiji
0%
Sd15wSaionji
0%
Sd73eSakabayashi
0%
Sd84eSakai
0%
Sd59eSakurafuji
0%
Sd94wSasaki
0%
Ms54wSasakiyama
0%
Jd45wSatsumao
0%
Jk3eSawada
0%
Jd82eSawanofuji
0%
Jd71eSawayaka
0%
Sd6wSeigo
0%
Sd84wSekizuka
0%
Jd44eSekizukayama
0%
Jd66wShimanishiki
0%
Jd101wShimizu
0%
Jd11wShinyashiki
0%
Jd78eShinzan
0%
Jk13eShiraishizakuraAichi
0%
Jk8eShiryu
0%
Jk13wShishimaru
0%
Jd7eShogun
0%
Sd39eShoji
0%
Jd61eShokeima
0%
Sd20wShoketsu
0%
Jd86eShoryudo
0%
Ms51eShuji
0%
Jd69eShunpo
0%
Jd37eSoga
0%
Jd34eSorakaze
0%
Sd71eSumanoumi
0%
Jd92eSuonada
0%
Jd47eSuzaki
0%
Jd32eTabara
0%
Jd8eTagomaru
0%
Ms60wTaichiyama
0%
Jd88wTairikuyama
0%
Sd50wTaiyo
0%
Sd89wTakabayama
0%
Jd52eTakakurayama
0%
Jd103eTakanoryu
0%
Jd96wTakasu
0%
Sd51wTakataisho
0%
Jd95wTakatsukasa
0%
Jd81wTakeazuma
0%
Jd102wTakemaru
0%
Sd28wTakeoka
0%
Sd81eTaketsukasa
0%
Ms36eTamakongo
0%
Jd73eTamanohoshi
0%
Jk19wTamanowaka
0%
Sd10eTanahashi
0%
Sd30eTanakayama
0%
Sd73wTaranami
0%
Sd26wTatsukaze
0%
Jd6eTatsuki
0%
Jd45eTatsunoumi
0%
Jd19wTenei
0%
Jd84wTeraosho
0%
Sd41wTeraoumi
0%
Jd105eTerunosato
0%
Sd70wTochihayate
0%
Sd92wTochikasuga
0%
Sd48eTochimitsuru
0%
Sd64wTochinoshima
0%
Sd95wToho
0%
Sd60eTokimaru
0%
Jd9eTokio
0%
Sd32eTokiryu
0%
Jd5eToma
0%
Jd35wTomisakae
0%
Sd57eTomiyutaka
0%
Jd86wToramusashi
0%
Sd58wTosaeizan
0%
Ms38eTosamidori
0%
Jd31wToshonishiki
0%
Ms46wToshoyama
0%
Sd28eToyoshimizu
0%
Jd16wTsubakifuji
0%
Sd45eTsugaruumi
0%
Jd41eTsugunohana
0%
Jk6eTsukioka
0%
Jd25eTsukubayama
0%
Sd74wTsunekawa
0%
Ms55wTsushida
0%
Jd31eUmizaru
0%
Jk5wUrutora
0%
Jd32wWakaazuma
0%
Jk9eWakafujioka
0%
Sd46eWakahiroto
0%
Sd95eWakahizen
0%
Jd55eWakaikki
0%
Jd33eWakakaneko
0%
Sd40eWakakinsho
0%
Jd27wWakamatsunaga
0%
Sd36eWakanofuji
0%
Jd85wWakaonehara
0%
Jd20wWakaseido
0%
Jd97eWakatanaka
0%
Jd58eWakatozakura
0%
Jk20eWakayahara
0%
Ms17wWakayama
0%
Jd18eWakayamanaka
0%
Jd62wWakayutaka
0%
Jd51wWatatani
0%
Sd1wWayama
0%
Jd87wYamane
0%
Sd80wYamenosato
0%
Sd46wYanagida
0%
Jd15wYashiroumi
0%
Jd57wYasunishi
0%
Sd34eYokoe
0%
Jd27eYoshimura
0%
Sd97wYukiamami
0%
Ms50wYuma
0%
Jk2wYutakanami
0%
Ms24eYutakasho
0%
Jk1eZendaisho
0%
Jd103wZuiko
0%

Score Distribution

Percentile by Number Answered

Percent of People with Each Score

Your Score History

You have not taken this quiz